| Tag |
First Indicator |
Second Indicator |
Subfields |
| LEADER |
00000cam a2200000Ia 4500 |
| 001 |
in00001522011 |
| 005 |
20151021170000.0 |
| 008 |
000214t19951989nju b 001 0 eng d |
| 020 |
|
|
|a 0881632279 (paperback)
|
| 035 |
|
|
|a (OCoLC)39798185
|
| 040 |
|
|
|a VJA
|c VJA
|d TXA
|d UtOrBLW
|
| 049 |
|
|
|a TXAM
|
| 090 |
|
|
|a RC489.C68
|b T36 1995
|
| 100 |
1 |
|
|a Tansey, Michael J.
|
| 245 |
1 |
0 |
|a Understanding countertransference :
|b from projective identification to empathy /
|c Michael J. Tansey and Walter F. Burke.
|
| 264 |
|
1 |
|a Hillsdale, NJ :
|b Analytic Press :
|c 1995.
|
| 264 |
|
2 |
|a Hillsdale, NJ :
|b Distributed by L. Erlbaum,
|
| 264 |
|
4 |
|c ©1989
|
| 300 |
|
|
|a xiii, 222 pages ;
|c 23 cm.
|
| 336 |
|
|
|a text
|b txt
|2 rdacontent
|
| 337 |
|
|
|a unmediated
|b n
|2 rdamedia
|
| 338 |
|
|
|a volume
|b nc
|2 rdacarrier
|
| 504 |
|
|
|a Includes bibliographical references ( pages 205-212) and indexes.
|
| 650 |
|
0 |
|a Countertransference.
|
| 650 |
|
2 |
|a Countertransference (Psychology)
|
| 700 |
1 |
|
|a Burke, Walter F.
|
| 994 |
|
|
|a E0
|b TXA
|
| 948 |
|
|
|a cataloged
|b h
|c 2000/2/14
|d c
|e pkellar
|f 11:46:08 am
|
| 999 |
|
|
|a MARS
|
| 999 |
f |
f |
|s 38625441-2afe-3a98-b53c-9b11090fa143
|i 1336afe3-f328-3849-b1da-d25842eb818f
|t 0
|
| 952 |
f |
f |
|p ric
|a Texas A&M University
|b Rellis Campus
|c Joint Library Facility
|d Remote Storage
|t 0
|e RC489.C68 T36 1995
|h Library of Congress classification
|i unmediated -- volume
|m A14825769757
|
| 998 |
f |
f |
|a RC489.C68 T36 1995
|t 0
|l Remote Storage
|